Transhumanismo : la búsqueda tecnológica del mejoramiento humano /

El trashumanismo en una tendencia intelectual que postula el uso libre de la tecnología para mejorar las limitaciones de la naturaleza humana tanto en lo físico como en lo mental. En la presente obra el autor plantea argumentos sustentados sobre las ventajas y las debilidades de esta propuesta tecno...

Celý popis

Uloženo v:
Podrobná bibliografie
Hlavní autor: Diéguez, Antonio (autor)
Médium: Kniha
Jazyk:španělština
Vydáno: Barcelona, España : Herder, 2019, c2019
Témata:
Tagy: Přidat tag
Žádné tagy, Buďte první, kdo vytvoří štítek k tomuto záznamu!

MARC

LEADER 00000nam^a2200000^a^4500
001 000437687
005 20250521000000.0
009 20260310123227.08
020 |a 978-84-254-3962-9 
037 |a Acervo Xavier Clavigero 
041 |a ESP 
082 |a 128. 6  |b DIE 
100 |a Diéguez, Antonio  |e (autor) 
245 1 0 |a Transhumanismo :  |b la búsqueda tecnológica del mejoramiento humano /  |c A. Diéguez. 
264 4 |a Barcelona, España :  |b Herder,  |c 2019, c2019 
300 |a 243 p. 
336 |a texto  |b txt  |2 rdacontenido 
337 |a sin mediación  |b n  |2 rdamedio 
338 |a volumen  |b nc  |2 rdasoporte 
520 |a El trashumanismo en una tendencia intelectual que postula el uso libre de la tecnología para mejorar las limitaciones de la naturaleza humana tanto en lo físico como en lo mental. En la presente obra el autor plantea argumentos sustentados sobre las ventajas y las debilidades de esta propuesta tecnohumana. 
521 |a Peticiones 2022 
530 |a Existe una edición en formato digital en línea con el mismo título 
649 |a XX 
650 |a Cyborgs 
650 |a Cuerpo Humano y Tecnología -  |x Filosofía -  |x Tema Principal 
650 |a Cuerpo Humano y Tecnología -  |x Aspectos Sociales y Culturales -  |x Tema Principal 
650 |a Tecnologías de Comunicación e Información -  |x Aspectos Sociales y Culturales 
650 |a Cibernética -  |x Aspectos Sociales y Culturales 
650 |a Inmortalidad 
650 |a Humanismo 
650 |a Antropología Cultural 
650 |a Antropología Filosófica 
650 |a Ontología 
650 |a Biología 
650 |a Biotecnología 
650 |a Ingeniería Genética 
650 |a Filosofía 
910 |a Fondo General 
920 |a Impresos - Libros 
930 |a Colección General 
905 |a 101 
901 |a 0500361819  |b IT1  |c ACC  |i C2230  |u 20250521 
902 |a https://opac.biblio.iteso.mx/vufind/Record/000437687